Giáo trình di truyền học trong chăn nuôi

Bài giảng giới thiệu về lĩnh vực di truyền học và ngành chăn nuôi, di truyền học cơ sở, di truyền học quần thể, di truyền học số lượng v.v...

Uloženo v:
Podrobná bibliografie
Hlavní autor: Võ, Văn Sơn
Médium: Kniha
Jazyk:Undetermined
Vydáno: Cần Thơ Trường Đại học Cần Thơ 2000
Témata:
Tagy: Přidat tag
Žádné tagy, Buďte první, kdo otaguje tento záznam!
Thư viện lưu trữ: Trung tâm Học liệu Trường Đại học Cần Thơ
LEADER 00891nam a2200193Ia 4500
001 CTU_36375
008 210402s9999 xx 000 0 und d
082 |a 636.0821 
082 |b S464 
100 |a Võ, Văn Sơn 
245 0 |a Giáo trình di truyền học trong chăn nuôi 
245 0 |c Võ Văn Sơn (Biên soạn) 
260 |a Cần Thơ 
260 |b Trường Đại học Cần Thơ 
260 |c 2000 
520 |a Bài giảng giới thiệu về lĩnh vực di truyền học và ngành chăn nuôi, di truyền học cơ sở, di truyền học quần thể, di truyền học số lượng v.v... 
650 |a Animal breeding,Animal culture,Animal genetics,Heredity 
904 |i Minh, Mai sửa số PL từ 636.08 thành 636.0821 chưa in nhãn 
980 |a Trung tâm Học liệu Trường Đại học Cần Thơ